| 000 | 00681nam a22002057a 4500 | ||
|---|---|---|---|
| 999 |
_c167366 _d167366 |
||
| 005 | 20220217150645.0 | ||
| 010 | _aENG-126363 | ||
| 020 |
_a978-93-8854-840-3 _c850.00 |
||
| 035 | _aEN-109895 | ||
| 037 | _bDBAD/PUB | ||
| 082 | _a346.03 | ||
| 100 | _aRatanlal & Dhirajlal | ||
| 245 |
_aThe Low Of Torts/ _c by Ratanlal & Dhirajlal |
||
| 250 | _a28th | ||
| 260 |
_bPublished By LexisNexis _c2019 _aGurgaon |
||
| 270 |
_a14th Floor,Bulding No.10, Tower-B,DLF Cyber City, Phase-ll, _bGurgaon _e122002 _k011-1244774444 _mhelp.in@lexisnexis.com _l011-1244774100 |
||
| 300 |
_accx848p. _c24cm(pbk) |
||
| 700 | _aEd. by Sapre,Akshay | ||
| 942 |
_2ddc _cEN _h346.03 _mLAW |
||